| 000 | 01224cam a22001814a 4500 | ||
|---|---|---|---|
| 005 | 20250605164209.0 | ||
| 008 | 250528s ||||||||||||||||||||||||d | ||
| 035 | _a20184 | ||
| 040 |
_aGR-AtMCL _bgre _dGR-AtMCL _eAACR2 |
||
| 245 | 1 |
_aΠαραδόσεις Μαθηματικής Οικονομικής. _nΤόμος Α' |
|
| 260 |
_bGutenberg, _c1986 |
||
| 300 | _a240 | ||
| 520 | _aΜεθοδολογία Μαθηματικής Οικονομικής, Μερικές Χρήσιμες Μαθηματικές Έννοιες, Μεγιστοποίηση και Ελαχιστοποίηση Συναρτήσεων πολλών Μεταβλητών χωρίς και με Περιορισμούς, Θεωρία Κόστους και Παραγωγής, Θεωρία Καταναλωτή, Πλεόνασμα Καταναλωτή, Μεγιστοποίηση με Περιορισμούς υπό Μορφήν Ανισοτήτων, Γενική Ισορροπία: Γραμμικά Υποδείγματα, Γενική Ισορροπία: Μη Γραμμικά Υποδείγματα, Βιβλιογραφία. | ||
| 700 | 1 |
_aΣαρρής Αλέξανδρος Ι _96231 |
|
| 942 | _cBK | ||
| 999 |
_c5321 _d5321 |
||